| 000 | 00831nam a2200229 a 4500 | ||
|---|---|---|---|
| 005 | 20220502123607.0 | ||
| 008 | 020830s1994 mx r 000 0 spa d | ||
| 035 | _aUPN01000118818 | ||
| 040 |
_aMX-MxUPN _bspa _cMX-MxUPN |
||
| 049 | _aCG | ||
| 050 | 4 |
_aQD1 _bC6.6 |
|
| 111 | 2 |
_aColoquio de Química _d(1990 : _cMéxico) |
|
| 245 | 1 | 0 |
_aQuímica : _bmaterias con alto índice de reprobación / _cAlicia Batllori Guerrero, Ana maría Bañuelos Márquez, compiladoras. |
| 260 |
_aMéxico : _bUNAM, Centro de Investigaciones y Servicios Educativos, _c1994. |
||
| 300 |
_a188 p. : _bgráfs., |
||
| 440 | 0 |
_aSerie sobre la universidad ; _v22 |
|
| 650 | 4 |
_aQUIMICA - _vCONGRESOS |
|
| 700 | 1 |
_aBatllori Guerrero, Alicia _ecomp. _944352 |
|
| 700 | 1 |
_aBañuelos Márquez, Ana María _ecomp. _944263 |
|
| 905 | _aLibro | ||
| 942 |
_2lcc _cLIBRO |
||
| 999 |
_c91181 _d91181 |
||